Spanish English dictionary. (Record no. 2153)

000 -LEADER
fixed length control field 00491nam a2200169 a 4500
001 - CONTROL NUMBER
control field :::00019671$&:&@@
003 - CONTROL NUMBER IDENTIFIER
control field OkBaRHE
005 - DATE AND TIME OF LATEST TRANSACTION
control field 20100327155523.0
008 - FIXED-LENGTH DATA ELEMENTS--GENERAL INFORMATION
fixed length control field s1996 j 000 0 eng u
040 ## - CATALOGING SOURCE
Transcribing agency
100 1# - MAIN ENTRY--PERSONAL NAME
Personal name Ramondino, Salvatore
245 10 - TITLE STATEMENT
Title Spanish English dictionary.
260 ## - PUBLICATION, DISTRIBUTION, ETC. (IMPRINT)
Place of publication, distribution, etc New York
Name of publisher, distributor, etc New American Library
Date of publication, distribution, etc 1996
300 ## - PHYSICAL DESCRIPTION
Extent 1359 p.
942 ## - ADDED ENTRY ELEMENTS (KOHA)
Source of classification or shelving scheme
Koha item type Books
Copies
Permanent Location Barcode Full call number Koha item type Damaged status Collection code Not for loan Shelving location Source of classification or shelving scheme Price effective from Lost status Date acquired Date last seen Copy number Withdrawn status
RHEMA Bible Training College19671PC 4640 .R3Books Reference General Stacks 2010-04-14 2010-04-142010-04-141